Normal view MARC view

Entry Topical Term

Number of records used in: 1

001 - CONTROL NUMBER

  • control field: 70654

003 - CONTROL NUMBER IDENTIFIER

  • control field:

005 - DATE AND TIME OF LATEST TRANSACTION

  • control field: 20260525063710.0

008 - FIXED-LENGTH DATA ELEMENTS

  • fixed length control field: 260525|| aca||aabn | a|a d

040 ## - CATALOGING SOURCE

  • Original cataloging agency:
  • Transcribing agency:

150 ## - HEADING--TOPICAL TERM

  • Topical term or geographic name entry element: Egbuchulam, Ngozi

670 ## - SOURCE DATA FOUND

  • Source citation: Work cat.: ()34687: EGBUCHULAM, Ngozi aut 70653, The story i never told :, [2026?]

National Library of Nigeria OPAC is powered by Koha